000
00298nam a22001457a 4500
003
SGT
020
_a
0-19-012413-X
082
_a
658.827
_b
DUT
100
_a
DUTTA, KIRTI
245
_a
BRAND MANAGEMENT
250
_a
2ND
260
_a
DELHI
_b
OXFORD
_c
2022
300
_a
460
942
_2
ddc
_c
BK
_0
16
999
_c
23018
_d
23018